Plagas y enemigos naturales asociados al cultivo del nogal en los valles patagónicos : guía de la identificación práctica /
Guardado en:
| Autor Principal: | |
|---|---|
| Autor Corporativo: | |
| Otros Autores: | , , |
| Formato: | Libro |
| Idioma: | Spanish |
| Publicado: |
General Roca, Río Negro :
INTA Ediciones,
2015.
|
| Edición: | 1a ed. |
| Series: | Colección Divulgación
|
| Acceso en línea: | Texto completo |
| Etiquetas: |
Agregar Etiqueta
Sin Etiquetas, Sea el primero en etiquetar este registro!
|
| LEADER | 01148nam a22002535a 4500 | ||
|---|---|---|---|
| 001 | EEA.libagro010704 | ||
| 008 | 160602s2015####xx############000#0#spa#d | ||
| 005 | 20231018141450.0 | ||
| 245 | 1 | 0 | |a Plagas y enemigos naturales asociados al cultivo del nogal en los valles patagónicos : |b guía de la identificación práctica / |c Liliana Cichón ... [et al.]. |
| 250 | |a 1a ed. | ||
| 260 | |a General Roca, Río Negro : |b INTA Ediciones, |c 2015. | ||
| 300 | |a 73 p. : |b il. col., fot. col. ; |c 30 cm. | ||
| 490 | 1 | |a Colección Divulgación | |
| 530 | |a Disponible también en línea. | ||
| 020 | |a 9789875215870 | ||
| 100 | 1 | |a Cichón, Liliana. | |
| 700 | 1 | |a Garrido, Silvia. | |
| 700 | 1 | |a Rossini, Mirta. | |
| 700 | 1 | |a Lago, Jonatan. | |
| 710 | 2 | |a Instituto Nacional de Tecnología Agropecuaria (Argentina). |b Centro Regional Patagonia Norte. |b Estación Experimental Agropecuaria Alto Valle. | |
| 082 | 0 | 4 | |a 634.519 |
| 856 | |u http://inta.gob.ar/sites/default/files/inta%5Fplagas-y-enemigos-naturales-en-nogal.pdf |3 Texto completo | ||
| 859 | |a AR-BbBCA |b BIB. AGRONOMIA |h 634.519 |i C568 |p 2016/6682 | ||
| 859 | |a AR-BbBCA |b BIB. AGRONOMIA |h 634.519 |i C568 |p 2023/7301 |t Ej.2 | ||
